Medzinárodné zdaňovanie a niektoré nové aspekty riešenia problematiky dvojitého zdaňovania

Vymedzenie základných pojmov a spôsobov zdaňovania v nadväznosti na príslušné ustanovenia zákona č. 366/1999 Z.z. o daniach z príjmov a iných právnych noriem. Trvalý pobyt, obvyklé zdržiavanie sa, daňovníci s neobmedzenou a obmedzenou daňovou povinnosťou a stála prevádzkareň. Základné problémy v obl...

Ausführliche Beschreibung

Gespeichert in:
Bibliographische Detailangaben
1. Verfasser: Ševčíková, Karolína
Format: Buchkapitel
Sprache:Slowakisch
Schlagworte:
Tags: Tag hinzufügen
Keine Tags, Fügen Sie das erste Tag hinzu!

MARC

LEADER 00000naa a2200000 4500
001 r039601
005 20230919115253.9
041 0 |a slo 
044 |a SK 
245 1 0 |a Medzinárodné zdaňovanie a niektoré nové aspekty riešenia problematiky dvojitého zdaňovania  |c Karolína Ševčíková 
520 |a Vymedzenie základných pojmov a spôsobov zdaňovania v nadväznosti na príslušné ustanovenia zákona č. 366/1999 Z.z. o daniach z príjmov a iných právnych noriem. Trvalý pobyt, obvyklé zdržiavanie sa, daňovníci s neobmedzenou a obmedzenou daňovou povinnosťou a stála prevádzkareň. Základné problémy v oblasti medzinárodného zdaňovania. Vylúčenie dvojitého zdanenia. Praktické príklady. 
610 2 0 |a zdaňovanie 
610 2 0 |a dane z príjmov 
610 2 0 |a daňovníci 
610 2 0 |a osoby fyzické 
610 2 0 |a povinnosť daňová 
610 2 0 |a prevádzky 
610 2 0 |a sadzby daňové 
610 2 0 |a zmluvy medzinárodné 
100 1 |a Ševčíková, Karolína